000 00457nam a2200193Ia 4500
999 _c27049
_d27049
003 0100
005 20170428100200.0
008 130303s9999 xx 000 0 und d
040 _cARRUPELIB
050 _aDT449.M39S53 1979
100 _aShorter, Aylward
_919471
245 _aPriest in the Village
245 _bexperiences of African community
260 _bGeoffrey Chapman
_aLondon
_c1979
300 _a199p.
300 _b 23 cm.
650 _bKimbu (African people)
_930107
650 _bMazimba (Tanzania)
_xReligious life and customs
_930108
650 _bMazimba (Tanzania)
_xSocial life and customs
_930109
942 _2lcc
_cMONOGRAPH